Isidro Fabela y la diplomacia mexicana /

Kaydedildi:
Detaylı Bibliyografya
Yazar: Serrano Migallón, Fernando (autor)
Materyal Türü: Kitap
Dil:İspanyolca
Baskı/Yayın Bilgisi: México : Consejo Nacional de Fomento Educativo : Fondo de Cultura Económica : Secretaría de Educación Pública, 1981, c1981
Seri Bilgileri:(SEP/80 ; 16)
Konular:
Etiketler: Etiketle
Etiket eklenmemiş, İlk siz ekleyin!

MARC

LEADER 00000nam^a2200000^a^4500
001 000187892
005 20250521000000.0
009 20260310102317.675
020 |a 968-16-1021-0 
037 |a Acervo ITESO - Biblioteca 
041 |a ESP 
082 |a 320. 97206  |b SER 
100 |a Serrano Migallón, Fernando  |e (autor) 
245 1 0 |a Isidro Fabela y la diplomacia mexicana /  |c F. Serrano Migallón. 
264 4 |a México :  |b Consejo Nacional de Fomento Educativo :  |b Fondo de Cultura Económica :  |b Secretaría de Educación Pública,  |c 1981, c1981 
336 |a texto  |b txt  |2 rdacontenido 
337 |a sin mediación  |b n  |2 rdamedio 
338 |a volumen  |b nc  |2 rdasoporte 
440 1 |a (SEP/80 ;  |v 16) 
649 |a XX 
650 |a Gobernadores Mexicanos -  |x Biografías 
650 |a Diplomáticos Mexicanos -  |x Biografías 
650 |a Políticos Mexicanos -  |x Biografías 
650 |a Abogados Mexicanos -  |x Biografías 
650 |a Juristas Mexicanos -  |x Biografías 
650 |a Diplomacia -  |z México -  |x Historia -  |y Siglo XX 
650 |a Arbitraje Internacional -  |z México 
650 |a Justicia e Injusticia -  |z México 
650 |a Justicia -  |x Administración -  |z México 
650 |a Política Exterior -  |z México -  |x Historia -  |y Siglo XX 
650 |a Derecho Internacional -  |x Historia -  |y Siglo XX 
650 |a Derecho -  |z México -  |x Historia -  |y Siglo XX 
650 |a Política -  |z México -  |x Historia -  |y 1910-1946 
650 |a Política -  |z México -  |x Historia -  |y 1946-1952 
650 |a Política -  |z México -  |x Historia -  |y 1952-1958 
650 |a Política -  |z México -  |x Historia -  |y Siglo XX 
650 |a México -  |x Historia -  |y 1910-1946 
650 |a México -  |x Historia -  |y 1946-1952 
650 |a México -  |x Historia -  |y 1952-1958 
650 |a México -  |x Historia -  |y Siglo XX 
650 |a México -  |x Condiciones Políticas 
650 |a México -  |x Condiciones Jurídicas 
650 |a Fabela, Isidro -  |x Tema Principal 
910 |a Fondo General 
920 |a Impresos - Libros 
930 |a Colección General 
905 |a 101 
901 |a 0500129975  |b IT1  |c ACC  |u 20250521 
902 |a https://opac.biblio.iteso.mx/vufind/Record/000187892